| 000 | 00376nam a2200145Ia 4500 | ||
|---|---|---|---|
| 008 | 150201s2014 xx 000 0 und d | ||
| 082 |
_a610.7 _bI14C |
||
| 100 | _aCLEMENT, I. | ||
| 245 | _aTB. ON INTRODUCTION TO NURSING EDUCATION FOR PB. BSC NURSING STUDENTS | ||
| 250 | _a1ST | ||
| 260 |
_bJAYPEE _aDELHI _c2014 |
||
| 300 | _a315 | ||
| 650 | _aNURSING | ||
| 942 |
_2ddc _cBK _031 |
||
| 999 |
_c2369 _d2369 |
||